| 000 | 00821nam a22002417a 4500 | ||
|---|---|---|---|
| 999 |
_c14781 _d14781 |
||
| 003 | MIRAKIL | ||
| 005 | 20220131120104.0 | ||
| 008 | 220131b tu ||||| |||| 00| 0 tur d | ||
| 020 | _a9786257288460 | ||
| 040 |
_aTR-AnCHP _cTR-AnCHP |
||
| 041 | _atur | ||
| 082 |
_a956.1023 _bH24y 2021 |
||
| 100 | _aHalıcı, Şaduman | ||
| 245 | 1 | 0 |
_a100. yılında İnönü savaşları/ _cŞaduman Halıcı, Mehmet Alkanalka ; resimleyen Selçuk Ören. |
| 260 |
_aİstanbul: _bİstanbul Büyükşehir Belediyesi, _c2021. |
||
| 300 |
_a400 s.: _bfotg.; _c23 sm. |
||
| 504 | _aKaynakça ve dizin vardır. | ||
| 650 | 4 |
_91099 _aTarih _xKurtuluş Savaşı _zTürkiye |
|
| 650 | 4 |
_91099 _aTarih _xİnönü Savaşları _y1921 _zTürkiye |
|
| 700 |
_96955 _aAlkanalka, Mehmet |
||
| 700 |
_96937 _aÖren, Selçuk _eres. |
||
| 942 |
_2ddc _cBKS |
||